00250nam a22001217a 4500003000400000005001700004008004100021020001500062040000700077082001700084100001200101245001500113OSt20211223095510.0211223b |||||||| |||| 00| 0 eng d a0130986593 cHU a004.6BEA2004 aBeasley aNetworkng